|
|
|
|
| LEADER |
00000cam a2200000 7i4500 |
| 001 |
0000004393 |
| 005 |
20191002093000.0 |
| 008 |
021118s1975 |
| 090 |
0 |
0 |
|a BP135.A2
|b U662
|
| 100 |
0 |
|
|a Usman, K. H. M. Ali ,
|e author
|
| 245 |
0 |
0 |
|a Hadits qudsi / firman Allah yang tidak dicantumkan dalam al-Qur'an :
|b pola pembinaan akhlak muslim
|c M.Ali Usman, A.A.Dahlan, M.D. Dahlan
|
| 260 |
2 |
|
|a Kuala Lumpur :
|b Pustaka al-Azhar ,
|c [1975?]
|
| 300 |
|
|
|a 43 ms. ;
|c 22 sm.
|
| 650 |
|
0 |
|a Hadith
|x Collections
|
| 700 |
0 |
|
|a Dahlan, A. A. ,
|e author
|
| 999 |
|
|
|a 1000002757
|b Book
|c OPEN SHELF (30 DAYS)
|e Gong Badak Campus
|